<?xml version="1.0" encoding="UTF-8"?>
<marc:record xmlns:marc="http://www.loc.gov/MARC21/slim">
   <marc:leader>00000nam a2200000 a 4500</marc:leader>
   <marc:datafield ind1="1" ind2=" " tag="100">
      <marc:subfield code="a">Bourbeau, Lise</marc:subfield>
      <marc:subfield code="4">aut</marc:subfield>
      <marc:subfield code="e">Verfasser/-in</marc:subfield>
   </marc:datafield>
   <marc:datafield ind1=" " ind2=" " tag="653">
      <marc:subfield code="a">Lebensberatung</marc:subfield>
   </marc:datafield>
   <marc:datafield ind1=" " ind2=" " tag="653">
      <marc:subfield code="a">Psychologie</marc:subfield>
   </marc:datafield>
   <marc:datafield ind1="0" ind2="0" tag="245">
      <marc:subfield code="a">Heile die Wunden deiner Seele</marc:subfield>
   </marc:datafield>
   <marc:datafield ind1="0" ind2="0" tag="245">
      <marc:subfield code="c">Lise Bourbeau</marc:subfield>
   </marc:datafield>
   <marc:datafield ind1=" " ind2="1" tag="264">
      <marc:subfield code="a">Oberstdorf</marc:subfield>
      <marc:subfield code="b">Windpferde Verlag</marc:subfield>
      <marc:subfield code="c">2013</marc:subfield>
   </marc:datafield>
   <marc:datafield ind1=" " ind2=" " tag="250">
      <marc:subfield code="a">8.</marc:subfield>
   </marc:datafield>
   <marc:datafield ind1="1" ind2=" " tag="520">
      <marc:subfield code="a">Haben Sie das Gefühl, Sie laufen im Kreis? Tauchen Probleme immer wieder auf, die Sie längst für gelöst hielten? Vielleicht suchen Sie nicht an der richtigen Stelle! Die spirituelle Psychologin und internationale Bestsellerautorin macht deutlich, dass alle Probleme der körperlichen, emotionalen und geistigen Ebene auf fünf Seelenwunden zurückzuführen sind: Ablehnung, Verlassenwerden, Demütigung, Vertrauensbruch und Ungerechtigkeit. Mit Hilfe der präzisen Beschreibung dieser Wunden und der Masken, die wir entwickelt haben, um sie vor der Welt und uns zu verbergen, können wir die wahren Ursachen der Probleme erkennen, die unser Leben hartnäckig zu verfolgen scheinen. Wie immer bietet Lise Bourbeau am Ende des Buchs praktische Lösungsvorschläge, damit wir unsere täglichen Probleme in Wegbereiter unserer Selbstentfaltung verwandeln und uns unserer göttlichen Schaffenskraft bewusst werden.</marc:subfield>
   </marc:datafield>
   <marc:datafield ind1=" " ind2=" " tag="020">
      <marc:subfield code="a">9783864100604</marc:subfield>
      <marc:subfield code="9">9783864100604</marc:subfield>
   </marc:datafield>
   <marc:datafield ind1=" " ind2=" " tag="020">
      <marc:subfield code="a">3864100607</marc:subfield>
      <marc:subfield code="9">3864100607</marc:subfield>
   </marc:datafield>
   <marc:datafield ind1=" " ind2=" " tag="300">
      <marc:subfield code="a">172 S.</marc:subfield>
   </marc:datafield>
</marc:record>
